000 01428nam a22002417a 4500
001 3413
003 FISKH
005 20240304113304.0
008 240304b cb ||||| |||| 00| 0 eng d
020 _a9781316611142
040 _aFISKH
_beng
_cFISKH
_dFISKH
050 _aPZ7
082 _a421
100 _aBoard, Jon
245 _aCambridge primary science challenge 2 /
_cJon Board and Alan Cross
260 _aNew York :
_bCambridge,
_c2016.
300 _a52 pages :
_billustrations ;
_c28 cm
520 _aThe Challenge and Skills Builders are differentiated activity books to be used alongside the Cambridge Primary Science course. Cambridge Primary Science is a flexible and engaging course written specifically for the Cambridge Primary Science Curriculum Stages 1 to 6. The course uses an enquiry-led approach focussed on making pupils think and work scientifically. The Challenge Activity Books provide extension activities for children who need more challenging activities to stretch their skills beyond the standard for success expected in Primary school. They include a full range of carefully levelled activities which help stretch and deepen a child's understanding, plus helpful guidance for explaining to the learner, teacher or parent the key scientific methods and concepts underpinning each exercise.
650 _aScience
700 _aCross, Alan
_eAuthor
942 _2ddc
_cBK
_n0
999 _c3413
_d3413